|
|
|
|
| LEADER |
00847naa a2200205 i 4500 |
| 001 |
acta89523 |
| 005 |
20260226084001.0 |
| 008 |
260225s2020 hu o 100 hun d |
| 040 |
|
|
|a SZTE Egyetemi Kiadványok Repozitórium
|b hun
|
| 041 |
|
|
|a hun
|
| 100 |
1 |
|
|a Tóth Tamás
|
| 245 |
1 |
0 |
|a I Know It! Do I Know It?
|h [elektronikus dokumentum] /
|c Tóth Tamás
|
| 260 |
|
|
|a SZTE TTIK Informatikai Intézet
|b Szeged
|c 2020
|
| 300 |
|
|
|a 53-56
|
| 490 |
0 |
|
|a Szegedi Innovatív Informatika Verseny
|
| 650 |
|
4 |
|a Természettudományok
|
| 650 |
|
4 |
|a Számítás- és információtudomány
|
| 695 |
|
|
|a Szoftverfejlesztés, Programozás - számítógép, Tanulmányi verseny - informatika - középiskola
|
| 711 |
|
|
|a Szegedi Innovatív Informatika Verseny (6.)
|c Szeged
|d 2020
|
| 856 |
4 |
0 |
|u http://acta.bibl.u-szeged.hu/89523/1/sziiv_2020_053-056.pdf
|z Dokumentum-elérés
|